Patterns of calcium oxalate monohydrate crystallization in complex biological systems; IOP Conference Series: Materials Science and Engineering; Vol. 168 : Radiation-Thermal Effects and Processes in Inorganic Materials (RTEP2016)

Bibliografske podrobnosti
Parent link:IOP Conference Series: Materials Science and Engineering
Vol. 168 : Radiation-Thermal Effects and Processes in Inorganic Materials (RTEP2016).— 2017.— [012062, 6 p.]
Glavni avtor: Golovanova О. А.
Korporativna značnica: Национальный исследовательский Томский политехнический университет (ТПУ) Физико-технический институт (ФТИ) Кафедра иностранных языков физико-технического института (ИЯФТ)
Drugi avtorji: Korolkov V. V., Kuimova M. V. Marina Valerievna
Izvleček:Title screen
The paper presents the features of calcium oxalate crystallization in the presence of additives revealed through experimental modeling. The patterns of phase formation are shown for the Ca{2+} – C[2]O[4]{ 2–} – H[2]O and Ca{2+} – C[2]O[4]{2–} – PO[4]{3–} – H[2]O systems with the components and pH of the saline varying over a wide concentrations range. The effect of additives on crystallization of calcium oxalate monohydrate was investigated. It was found that the ionic strength and magnesium ions are inhibitors, and calcium oxalate and hydroxyapatite crystals are catalysts of calcium oxalate monohydrate crystallization. The basic calcium phosphate (apatite) was found to be most thermodynamically stable, which indicates its special role in kidney stone formation since it is found in virtually all stones.
Jezik:angleščina
Izdano: 2017
Serija:Physical and chemical phenomena in inorganic materials in radiation, electrical and thermal fields
Teme:
Online dostop:http://dx.doi.org/10.1088/1757-899X/168/1/012062
http://earchive.tpu.ru/handle/11683/37761
Format: MixedMaterials Elektronski Book Chapter
KOHA link:https://koha.lib.tpu.ru/cgi-bin/koha/opac-detail.pl?biblionumber=653825

MARC

LEADER 00000nla2a2200000 4500
001 653825
005 20240112113202.0
035 |a (RuTPU)RU\TPU\network\19340 
035 |a RU\TPU\network\19339 
090 |a 653825 
100 |a 20170331a2017 k y0engy50 ba 
101 0 |a eng 
105 |a y z 100zy 
135 |a drcn ---uucaa 
181 0 |a i  
182 0 |a b 
200 1 |a Patterns of calcium oxalate monohydrate crystallization in complex biological systems  |f О. А. Golovanova, V. V. Korolkov, M. V. Kuimova 
203 |a Text  |c electronic 
225 1 |a Physical and chemical phenomena in inorganic materials in radiation, electrical and thermal fields 
300 |a Title screen 
320 |a [References: 20 tit.] 
330 |a The paper presents the features of calcium oxalate crystallization in the presence of additives revealed through experimental modeling. The patterns of phase formation are shown for the Ca{2+} – C[2]O[4]{ 2–} – H[2]O and Ca{2+} – C[2]O[4]{2–} – PO[4]{3–} – H[2]O systems with the components and pH of the saline varying over a wide concentrations range. The effect of additives on crystallization of calcium oxalate monohydrate was investigated. It was found that the ionic strength and magnesium ions are inhibitors, and calcium oxalate and hydroxyapatite crystals are catalysts of calcium oxalate monohydrate crystallization. The basic calcium phosphate (apatite) was found to be most thermodynamically stable, which indicates its special role in kidney stone formation since it is found in virtually all stones. 
461 0 |0 (RuTPU)RU\TPU\network\2008  |t IOP Conference Series: Materials Science and Engineering 
463 0 |0 (RuTPU)RU\TPU\network\19289  |t Vol. 168 : Radiation-Thermal Effects and Processes in Inorganic Materials (RTEP2016)  |o XII International Conference, 4–12 September 2016, Tomsk, Russian Federation  |o [proceedings]  |v [012062, 6 p.]  |d 2017 
610 1 |a электронный ресурс 
610 1 |a труды учёных ТПУ 
610 1 |a кристаллизация 
610 1 |a оксалаты кальция 
610 1 |a сложные системы 
610 1 |a биологические системы 
610 1 |a добавки 
610 1 |a экспериментальное моделирование 
610 1 |a кристаллизация 
700 1 |a Golovanova  |b О. А. 
701 1 |a Korolkov  |b V. V. 
701 1 |a Kuimova  |b M. V.  |c linguist  |c Head of the Department of Tomsk Polytechnic University, Candidate of pedagogical sciences  |f 1976-  |g Marina Valerievna  |3 (RuTPU)RU\TPU\pers\32753  |9 16631 
712 0 2 |a Национальный исследовательский Томский политехнический университет (ТПУ)  |b Физико-технический институт (ФТИ)  |b Кафедра иностранных языков физико-технического института (ИЯФТ)  |3 (RuTPU)RU\TPU\col\18736 
801 2 |a RU  |b 63413507  |c 20170404  |g RCR 
856 4 |u http://dx.doi.org/10.1088/1757-899X/168/1/012062 
856 4 |u http://earchive.tpu.ru/handle/11683/37761 
942 |c CF